[Event "55. Bulgaria ch 2006"]
[Site "Svilenggrad BUL"]
[Date "2006.03.07"]
[Round "8.6"]
[White "Jordanova, Svetla"]
[Black "Voiska, Margarita"]
[Result "1/2-1/2"]
[WhiteElo "2187"]
[BlackElo "2308"]
[PlyCount "66"]
[EventDate "2006.03.03"]
[EventType "tourn"]
[EventRounds "1"]
[EventCountry "BUL"]
[EventCategory "6"]
[Source "lmi"]
[SourceDate "2006.03.11"]

1. e4 c5 2. c3 e6 3. d4 d5 4. exd5 exd5 5. Be3 c4 6. b3 cxb3 7. axb3 Bd6 8. Nf3
Ne7 9. Na3 Nbc6 10. Nb5 Bb8 11. Be2 O-O 12. O-O Bg4 13. Nh4 Be6 14. f4 Nf5 15.
Nxf5 Bxf5 16. Bd3 Bxd3 17. Qxd3 f5 18. Bd2 a6 19. Na3 Ba7 20. Kh1 Qf6 21. Nc2
Bb6 22. Ne1 Rfe8 23. Nf3 Re4 24. Ng5 Re7 25. Nf3 Nd8 26. Be1 Re4 27. Bh4 Qg6
28. Bxd8 Bxd8 29. Nd2 Re8 30. Rae1 Bc7 31. g3 b5 32. Nf3 Re4 33. Ng5 Ree8
1/2-1/2

[Event "55. Bulgaria ch 2006"]
[Site "Svilenggrad BUL"]
[Date "2006.03.08"]
[Round "9.1"]
[White "Voiska, Margarita"]
[Black "Raeva, Elitsa"]
[Result "1-0"]
[WhiteElo "2308"]
[BlackElo "2210"]
[PlyCount "103"]
[EventDate "2006.03.03"]
[EventType "tourn"]
[EventRounds "1"]
[EventCountry "BUL"]
[EventCategory "6"]
[Source "lmi"]
[SourceDate "2006.03.11"]

1. d4 d5 2. c4 c6 3. cxd5 cxd5 4. Nc3 Nf6 5. Nf3 g6 6. Bf4 a6 7. Rc1 Bg7 8. e3
O-O 9. Be2 h6 10. Ne5 g5 11. Bg3 Bf5 12. h4 Nbd7 13. hxg5 hxg5 14. Nf3 Ne4 15.
Nxe4 dxe4 16. Nd2 Nf6 17. Rc5 e6 18. Bc7 Qd7 19. Nc4 Nd5 20. Nb6 Nxb6 21. Bxb6
Rfc8 22. g4 Bg6 23. Rxg5 e5 24. dxe5 Qe7 25. Rxg6 fxg6 26. Qd5+ Qf7 27. Qxe4
Rc6 28. Bd4 Qxa2 29. O-O Rf8 30. Bf3 Qf7 31. Kg2 Rc7 32. Qd5 Re8 33. Qxf7+ Kxf7
34. Bd5+ Kf8 35. f4 Bh8 36. Rh1 Bg7 37. b4 Rd8 38. Be4 Kf7 39. Bb6 Rd2+ 40. Kf3
Rc4 41. Bd4 Rdxd4 42. exd4 Rxd4 43. Rc1 Rd7 44. Rc8 g5 45. Rb8 Rc7 46. Bd5+ Ke7
47. Rg8 Bf8 48. f5 Rd7 49. f6+ Ke8 50. e6 Rd6 51. Ke4 Rb6 52. e7 1-0

[Event "55. Bulgaria ch 2006"]
[Site "Svilenggrad BUL"]
[Date "2006.03.08"]
[Round "9.2"]
[White "Savova, Stefka"]
[Black "Jordanova, Svetla"]
[Result "1-0"]
[WhiteElo "2204"]
[BlackElo "2187"]
[PlyCount "155"]
[EventDate "2006.03.03"]
[EventType "tourn"]
[EventRounds "1"]
[EventCountry "BUL"]
[EventCategory "6"]
[Source "lmi"]
[SourceDate "2006.03.11"]

1. Nf3 d5 2. c4 c6 3. Qc2 Nf6 4. g3 e6 5. b3 Nbd7 6. Bb2 Bd6 7. Nc3 O-O 8. Bg2
Re8 9. O-O dxc4 10. bxc4 e5 11. d3 Nf8 12. Rad1 Qa5 13. Rfe1 Ng6 14. Nd2 Be6
15. Nb3 Qc7 16. Rc1 Rad8 17. Na4 Qc8 18. Nac5 Bh3 19. Bh1 Ng4 20. Ne4 Be7 21.
c5 h5 22. Bf3 h4 23. Qd2 Qf5 24. Rc4 Nh6 25. Bc1 f6 26. Qc2 Bg4 27. Bh1 Nf7 28.
Na5 Rd7 29. Ra4 Qh5 30. Nc4 f5 31. Ned6 Bxd6 32. Nxd6 Nxd6 33. cxd6 hxg3 34.
fxg3 a6 35. Bg2 Kh8 36. Kf2 f4 37. Kg1 fxg3 38. hxg3 Rxd6 39. Qc5 Red8 40. Qe3
Rd4 41. Ra5 Bc8 42. Bb2 R4d6 43. Bxe5 Nxe5 44. Rxe5 Qf7 45. Rf1 Rf6 46. Rxf6
Qxf6 47. Re8+ Kh7 48. Be4+ g6 49. Re7+ Kg8 50. Rc7 Rf8 51. Bf3 Qd6 52. Qe7
Qxg3+ 53. Bg2 Qf2+ 54. Kh1 Qf7 55. Qxf7+ Rxf7 56. Rxc8+ Kg7 57. Bf3 Kf6 58. Re8
Kf5 59. Kg2 g5 60. e3 Rc7 61. Rf8+ Ke5 62. Bg4 Rg7 63. Rd8 c5 64. d4+ cxd4 65.
exd4+ Kf4 66. Be6 Rc7 67. Bb3 Rc3 68. Rf8+ Ke4 69. d5 Ke5 70. Rg8 Kf4 71. Rg7
b5 72. d6 Rd3 73. d7 Rd2+ 74. Kg1 g4 75. Be6 g3 76. Rf7+ Ke5 77. Bg4 b4 78. Rf8
1-0

[Event "55. Bulgaria ch 2006"]
[Site "Svilenggrad BUL"]
[Date "2006.03.08"]
[Round "9.4"]
[White "Draganova, Petranka"]
[Black "Nikolova, Adriana"]
[Result "0-1"]
[WhiteElo "2049"]
[BlackElo "2112"]
[PlyCount "86"]
[EventDate "2006.03.03"]
[EventType "tourn"]
[EventRounds "1"]
[EventCountry "BUL"]
[EventCategory "6"]
[Source "lmi"]
[SourceDate "2006.03.11"]

1. e4 c5 2. Nf3 d6 3. d4 cxd4 4. Nxd4 Nf6 5. Nc3 a6 6. Be2 e5 7. Nb3 Be7 8. Be3
Be6 9. Qd2 b5 10. f3 O-O 11. Nd5 Nxd5 12. exd5 Bf5 13. O-O-O Qd7 14. g4 Bg6 15.
h4 Rc8 16. Bd3 Bxd3 17. Qxd3 a5 18. Nd2 Na6 19. a3 b4 20. Ne4 bxa3 21. bxa3 Qa4
22. Kd2 Nc7 23. Qb3 Qxb3 24. cxb3 Nxd5 25. Bf2 Nf4 26. Rc1 d5 27. Nc5 d4 28.
Nd3 Nxd3 29. Kxd3 Bxa3 30. Rxc8+ Rxc8 31. Ke4 Rc2 32. Bg3 f6 33. f4 Re2+ 34.
Kf3 Re3+ 35. Kf2 e4 36. Rb1 Rc3 37. f5 Rc2+ 38. Kf1 Bb4 39. Be1 d3 40. Rd1 Kf7
41. g5 Bxe1 42. Kxe1 Rh2 43. h5 Rh1+ 0-1

[Event "55. Bulgaria ch 2006"]
[Site "Svilenggrad BUL"]
[Date "2006.03.08"]
[Round "9.6"]
[White "Andreeva, Plamena"]
[Black "Videnova, Iva"]
[Result "1-0"]
[WhiteElo "2071"]
[BlackElo "2058"]
[PlyCount "79"]
[EventDate "2006.03.03"]
[EventType "tourn"]
[EventRounds "1"]
[EventCountry "BUL"]
[EventCategory "6"]
[Source "lmi"]
[SourceDate "2006.03.11"]

1. e4 c5 2. a3 g6 3. c3 Bg7 4. Nf3 Nf6 5. e5 Nd5 6. b4 cxb4 7. c4 Nc7 8. axb4
Nc6 9. d4 Nxb4 10. d5 O-O 11. Ba3 Nba6 12. Nbd2 d6 13. exd6 exd6 14. Rb1 Re8+
15. Be2 Qe7 16. Rb3 Bh6 17. Nd4 Nc5 18. Rg3 Bxd2+ 19. Qxd2 Ne4 20. Qh6 Qf6 21.
Bb2 Qxf2+ 22. Kd1 Qf6 23. Rf1 Qe5 24. Rxf7 Kxf7 25. Qxh7+ Qg7 26. Rf3+ Bf5 27.
Qxg7+ Kxg7 28. Ne6+ Kg8 29. Nxc7 Bg4 30. Nxe8 Bxf3 31. gxf3 Rxe8 32. fxe4 Kf7
33. Ba3 Ke7 34. e5 Kd8 35. Bxd6 Rh8 36. e6 Rh4 37. Kc2 a6 38. Be5 Ke7 39. Bg3
Re4 40. Kd3 1-0

[Event "55. Bulgaria ch 2006"]
[Site "Svilenggrad BUL"]
[Date "2006.03.09"]
[Round "10.1"]
[White "Raeva, Elitsa"]
[Black "Videnova, Iva"]
[Result "1-0"]
[WhiteElo "2210"]
[BlackElo "2058"]
[PlyCount "75"]
[EventDate "2006.03.03"]
[EventType "tourn"]
[EventRounds "1"]
[EventCountry "BUL"]
[EventCategory "6"]
[Source "lmi"]
[SourceDate "2006.03.11"]

1. d4 c5 2. e3 Nf6 3. Nf3 b6 4. Be2 g6 5. O-O Bg7 6. c3 O-O 7. Nbd2 Bb7 8. Bd3
d5 9. Qe2 Ne4 10. Re1 Nd7 11. Bc2 e5 12. dxe5 Nxe5 13. Nxe5 Bxe5 14. Nf3 Bg7
15. Bd2 Re8 16. Rad1 Qc7 17. Bc1 Rad8 18. Bb3 c4 19. Bc2 b5 20. Nd4 Nd6 21. a4
a6 22. axb5 axb5 23. h4 Qb6 24. h5 b4 25. cxb4 Qxb4 26. Qg4 Nb5 27. Bd2 Qc5 28.
hxg6 hxg6 29. Nxb5 Qxb5 30. Bc3 Bc8 31. Qg5 Be6 32. Rd4 Qc5 33. Red1 Rc8 34.
Rh4 Qe7 35. Qf4 Qc7 36. Qf6 Kf8 37. Qxg7+ Ke7 38. Qf6+ 1-0

[Event "55. Bulgaria ch 2006"]
[Site "Svilenggrad BUL"]
[Date "2006.03.09"]
[Round "10.3"]
[White "Nikolova, Adriana"]
[Black "Velcheva, Maria"]
[Result "1-0"]
[WhiteElo "2112"]
[BlackElo "2286"]
[PlyCount "61"]
[EventDate "2006.03.03"]
[EventType "tourn"]
[EventRounds "1"]
[EventCountry "BUL"]
[EventCategory "6"]
[Source "lmi"]
[SourceDate "2006.03.11"]

1. e4 c5 2. Nf3 e6 3. d4 cxd4 4. Nxd4 Nc6 5. Be3 a6 6. Nc3 Qc7 7. Bd3 Nf6 8.
O-O Nxd4 9. Bxd4 Bc5 10. Be2 d6 11. Kh1 e5 12. Bxc5 Qxc5 13. f4 Be6 14. Qd2 b5
15. Bf3 O-O 16. f5 Bc8 17. g4 b4 18. Nd5 Nxd5 19. exd5 f6 20. Be4 h6 21. h4 Bb7
22. Rg1 Kf7 23. Rg3 Rac8 24. Rb3 a5 25. a3 Qc4 26. Re1 Rc5 27. axb4 Rxd5 28.
Qe3 axb4 29. Qa7 Qc7 30. Rxb4 Rb5 31. Bxb7 1-0

[Event "55. Bulgaria ch 2006"]
[Site "Svilenggrad BUL"]
[Date "2006.03.09"]
[Round "10.4"]
[White "Chilingirova, Pavlina"]
[Black "Draganova, Petranka"]
[Result "1-0"]
[WhiteElo "2217"]
[BlackElo "2049"]
[PlyCount "107"]
[EventDate "2006.03.03"]
[EventType "tourn"]
[EventRounds "1"]
[EventCountry "BUL"]
[EventCategory "6"]
[Source "lmi"]
[SourceDate "2006.03.11"]

1. c4 e5 2. Nc3 Nf6 3. d3 Nc6 4. Nf3 Be7 5. e4 d6 6. h3 O-O 7. Be2 Re8 8. O-O
h6 9. d4 exd4 10. Nxd4 Bf8 11. Nxc6 bxc6 12. Bd3 Nd7 13. Re1 Nc5 14. Bf1 Qf6
15. Bd2 Qg6 16. Qf3 Re6 17. b4 Rf6 18. Qe3 Ne6 19. Ne2 Ng5 20. Ng3 Bxh3 21. f4
Nxe4 22. Nxe4 Re6 23. Qxh3 Rxe4 24. f5 Qg4 25. Qxg4 Rxg4 26. Be2 Rd4 27. Bc3
Rf4 28. Bd3 d5 29. c5 Rb8 30. Rf1 Rg4 31. Kf2 Be7 32. Kf3 h5 33. g3 g6 34. f6
Bf8 35. Rh1 Bh6 36. Rh4 d4 37. Be1 Bg5 38. Rxg4 hxg4+ 39. Kxg4 Bxf6 40. Rb1 Kg7
41. b5 Be7 42. bxc6 Rxb1 43. Bxb1 Bxc5 44. Kf4 Kf6 45. Bd3 Ke6 46. Bc4+ Ke7 47.
Ke4 f6 48. Kd5 Bb6 49. g4 f5 50. Bh4+ Ke8 51. gxf5 gxf5 52. Ke5 Bc5 53. Kxf5 a5
54. a4 1-0

[Event "55. Bulgaria ch 2006"]
[Site "Svilenggrad BUL"]
[Date "2006.03.09"]
[Round "10.5"]
[White "Jordanova, Svetla"]
[Black "Genova, Ruzka"]
[Result "1-0"]
[WhiteElo "2187"]
[BlackElo "2218"]
[PlyCount "85"]
[EventDate "2006.03.03"]
[EventType "tourn"]
[EventRounds "1"]
[EventCountry "BUL"]
[EventCategory "6"]
[Source "lmi"]
[SourceDate "2006.03.11"]

1. d4 Nf6 2. c4 e6 3. Nc3 d5 4. Nf3 Nbd7 5. Bg5 Be7 6. e3 O-O 7. cxd5 exd5 8.
Bd3 c6 9. Qc2 Re8 10. O-O h6 11. Bh4 Nf8 12. Rae1 Ne6 13. Ne5 a6 14. f4 c5 15.
Bxf6 Bxf6 16. Qf2 b6 17. Qf3 Bb7 18. Qh5 Qe7 19. Ne2 Rac8 20. Ng3 Nf8 21. Nf5
Qe6 22. Rf3 cxd4 23. Rg3 Bg5 24. Qxf7+ Qxf7 25. Nxf7 Rc7 26. fxg5 Rxf7 27. Nd6
Rxe3 28. Rexe3 dxe3 29. Nxf7 Kxf7 30. gxh6 gxh6 31. Rf3+ Ke7 32. Rxe3+ Kd6 33.
Rh3 Nd7 34. Rxh6+ Kc5 35. h4 Ne5 36. Be2 d4 37. Rh5 Kd6 38. Kf2 Bd5 39. Bxa6
Bxa2 40. Rh8 Bd5 41. Rd8+ Nd7 42. Bc8 Be6 43. Rxd7+ 1-0

[Event "55. Bulgaria ch 2006"]
[Site "Svilenggrad BUL"]
[Date "2006.03.09"]
[Round "10.6"]
[White "Voiska, Margarita"]
[Black "Savova, Stefka"]
[Result "1-0"]
[WhiteElo "2308"]
[BlackElo "2204"]
[PlyCount "81"]
[EventDate "2006.03.03"]
[EventType "tourn"]
[EventRounds "1"]
[EventCountry "BUL"]
[EventCategory "6"]
[Source "lmi"]
[SourceDate "2006.03.11"]

1. d4 Nf6 2. c4 e6 3. Nc3 Bb4 4. e3 O-O 5. Nge2 d5 6. a3 Be7 7. Nf4 dxc4 8.
Bxc4 c5 9. O-O Nc6 10. d5 Ne5 11. Be2 exd5 12. Nfxd5 Nxd5 13. Nxd5 Be6 14. e4
Bxd5 15. exd5 Bd6 16. Bd2 f5 17. f4 Ng6 18. g3 a6 19. a4 b6 20. Qb3 Kh8 21.
Rae1 Be7 22. Bc3 Bf6 23. Bf3 b5 24. axb5 Qb6 25. Re6 Qxb5 26. Qc2 Qc4 27. Rxf6
Rxf6 28. b3 Qb5 29. Bxf6 gxf6 30. Qxf5 Kg7 31. h4 Qxb3 32. h5 Qe3+ 33. Kg2 Nf8
34. h6+ Kf7 35. d6 Re8 36. Bh5+ Kg8 37. Bxe8 Qxe8 38. Qxf6 Qe2+ 39. Rf2 Qe4+
40. Kh2 Ne6 41. d7 1-0

[Event "55. Bulgaria ch 2006"]
[Site "Svilenggrad BUL"]
[Date "2006.03.10"]
[Round "11.2"]
[White "Genova, Ruzka"]
[Black "Voiska, Margarita"]
[Result "0-1"]
[WhiteElo "2218"]
[BlackElo "2308"]
[PlyCount "112"]
[EventDate "2006.03.03"]
[EventType "tourn"]
[EventRounds "1"]
[EventCountry "BUL"]
[EventCategory "6"]
[Source "lmi"]
[SourceDate "2006.03.11"]

1. d4 Nf6 2. Nf3 e6 3. c4 Bb4+ 4. Bd2 a5 5. g3 d5 6. cxd5 exd5 7. Bxb4 axb4 8.
Bg2 O-O 9. O-O Re8 10. e3 Nbd7 11. Qb3 Qe7 12. Rc1 Qd6 13. Qc2 c6 14. Nbd2 g6
15. Ne1 Nb6 16. Qb3 Ne4 17. Ndf3 Bg4 18. Ne5 Bf5 19. g4 Be6 20. f3 Nd2 21. Qd3
Ndc4 22. Nxc4 dxc4 23. Qd2 c5 24. Rd1 Rad8 25. Qf2 Na4 26. d5 c3 27. dxe6 cxb2
28. exf7+ Kxf7 29. Rxd6 bxa1=Q 30. Rxd8 Rxd8 31. Bf1 Rd1 32. Bc4+ Kg7 33. Kf1
Qc3 34. Bb3 Rd2 35. Qg3 Nb6 36. Qc7+ Nd7 37. Qf4 Qf6 38. Qe4 Qh4 39. Nd3 Qf6
40. f4 Qd6 41. Bc4 Nf6 42. Qxb7+ Qd7 43. Qxd7+ Nxd7 44. Ke1 Rc2 45. Be6 Nf6 46.
h4 Ne4 47. Bb3 Rc3 48. Ne5 Rxe3+ 49. Kd1 Nd6 50. h5 gxh5 51. gxh5 Re4 52. Ng4
Rxf4 53. h6+ Kg6 54. Bc2+ Kg5 55. Ne5 Kxh6 56. Nd3 Rd4 0-1

[Event "55. Bulgaria ch 2006"]
[Site "Svilenggrad BUL"]
[Date "2006.03.10"]
[Round "11.4"]
[White "Velcheva, Maria"]
[Black "Chilingirova, Pavlina"]
[Result "1-0"]
[WhiteElo "2286"]
[BlackElo "2217"]
[PlyCount "87"]
[EventDate "2006.03.03"]
[EventType "tourn"]
[EventRounds "1"]
[EventCountry "BUL"]
[EventCategory "6"]
[Source "lmi"]
[SourceDate "2006.03.11"]

1. e4 c5 2. Nf3 d6 3. d4 Nf6 4. Nc3 cxd4 5. Nxd4 a6 6. Be3 Nc6 7. Be2 e6 8. f4
Qc7 9. O-O Be7 10. a4 O-O 11. Kh1 Re8 12. Bf3 Nxd4 13. Qxd4 e5 14. Qd2 exf4 15.
Bxf4 Be6 16. Rad1 Red8 17. h3 Rab8 18. Rfe1 b5 19. axb5 axb5 20. Qf2 b4 21. Nd5
Nxd5 22. exd5 Bf5 23. Be4 Bxe4 24. Rxe4 Bf6 25. b3 Re8 26. Rde1 Rxe4 27. Rxe4
Be5 28. Bxe5 dxe5 29. Qd2 Qd6 30. Rc4 h6 31. Rc6 Qd7 32. Qd3 Ra8 33. Qe4 Ra1+
34. Kh2 Rd1 35. Rb6 Qc7 36. Rc6 Qd7 37. Rc5 Qe8 38. Qg4 Rd4 39. Rc8 Kf8 40.
Rxe8+ Kxe8 41. Qc8+ Ke7 42. Qc7+ Kf6 43. d6 Ke6 44. Qe7+ 1-0

[Event "55. Bulgaria ch 2006"]
[Site "Svilenggrad BUL"]
[Date "2006.03.10"]
[Round "11.5"]
[White "Andreeva, Plamena"]
[Black "Nikolova, Adriana"]
[Result "1/2-1/2"]
[WhiteElo "2071"]
[BlackElo "2112"]
[PlyCount "57"]
[EventDate "2006.03.03"]
[EventType "tourn"]
[EventRounds "1"]
[EventCountry "BUL"]
[EventCategory "6"]
[Source "lmi"]
[SourceDate "2006.03.11"]

1. e4 c5 2. Nf3 d6 3. d4 cxd4 4. Nxd4 Nf6 5. Nc3 a6 6. Bg5 e6 7. f4 Be7 8. Qf3
Qc7 9. O-O-O Nbd7 10. g4 b5 11. Bxf6 Nxf6 12. g5 Nd7 13. f5 Nc5 14. f6 gxf6 15.
gxf6 Bf8 16. Rg1 h5 17. Rg7 b4 18. Nd5 exd5 19. exd5 Nd7 20. Ne6 Qa5 21. Kb1
Ne5 22. Qe4 Bd7 23. Rg5 Bc8 24. Rxe5 dxe5 25. Ng7+ Kd8 26. Ne6+ Ke8 27. Ng7+
Kd8 28. Ne6+ Ke8 29. Ng7+ 1/2-1/2

[Event "55. Bulgaria ch 2006"]
[Site "Svilenggrad BUL"]
[Date "2006.03.10"]
[Round "11.6"]
[White "Videnova, Iva"]
[Black "Djingarova, Emilia"]
[Result "0-1"]
[WhiteElo "2058"]
[BlackElo "2346"]
[PlyCount "132"]
[EventDate "2006.03.03"]
[EventType "tourn"]
[EventRounds "1"]
[EventCountry "BUL"]
[EventCategory "6"]
[Source "lmi"]
[SourceDate "2006.03.11"]

1. c4 b6 2. e4 Bb7 3. f3 e6 4. Nc3 Bb4 5. a3 Bxc3 6. dxc3 Ne7 7. Be3 d6 8. Qd2
Nd7 9. Nh3 Ng6 10. Be2 Qe7 11. O-O O-O 12. Nf4 Nxf4 13. Bxf4 Nc5 14. Rad1 e5
15. Be3 Ne6 16. Bd3 Rae8 17. b4 Rd8 18. Qc2 Nf4 19. g3 Nxd3 20. Qxd3 Qe6 21. g4
Ba6 22. b5 Bb7 23. Qe2 Qg6 24. Kh1 Ra8 25. a4 a6 26. a5 bxa5 27. b6 cxb6 28.
Qd3 b5 29. Qxd6 Bxe4 30. Qxg6 Bxg6 31. cxb5 axb5 32. Rd5 Rfe8 33. Ra1 b4 34.
Rdxa5 Rxa5 35. Rxa5 bxc3 36. Rc5 c2 37. Kg2 Bd3 38. g5 Bf5 39. f4 exf4 40. Bxf4
Be4+ 41. Kf2 Rd8 42. h4 f6 43. gxf6 gxf6 44. Rc7 Kf8 45. Ke3 Bf5 46. Bh6+ Ke8
47. Kf4 Rc8 48. Rxc8+ Bxc8 49. Ke4 Kf7 50. h5 Bg4 51. Kd3 Bf5+ 52. Kd4 Ke6 53.
Bc1 Bg4 54. h6 Kf5 55. Kd3 Bd1 56. Kd4 Kg4 57. Ke4 f5+ 58. Ke5 Bf3 59. Kd4 Be4
60. Ke3 Kg3 61. Bb2 f4+ 62. Kxe4 f3 63. Kd3 f2 64. Kxc2 f1=Q 65. Bg7 Qc4+ 66.
Kd2 Kf3 0-1